Low reynolds number hydrodynamics: with speical applications to particulars media (Record no. 69395)

MARC details
000 -LEADER
fixed length control field 00767nam a2200265Ia 4500
003 - CONTROL NUMBER IDENTIFIER
control field OSt
005 - DATE AND TIME OF LATEST TRANSACTION
control field 20220912151457.0
008 - FIXED-LENGTH DATA ELEMENTS--GENERAL INFORMATION
fixed length control field 220909b |||||||| |||| 00| 0 eng d
037 ## - SOURCE OF ACQUISITION
Terms of availability Textual
040 ## - CATALOGING SOURCE
Original cataloging agency CSL
Language of cataloging eng
Transcribing agency CSL
041 ## - LANGUAGE CODE
Language code of text/sound track or separate title eng
100 ## - MAIN ENTRY--PERSONAL NAME
Personal name Happel John
245 #0 - TITLE STATEMENT
Title Low reynolds number hydrodynamics: with speical applications to particulars media
260 ## - PUBLICATION, DISTRIBUTION, ETC.
Place of publication, distribution, etc. Dordrecht
Name of publisher, distributor, etc. Martinus Nijhoff Pub
Date of publication, distribution, etc. 1983
300 ## - PHYSICAL DESCRIPTION
Extent 553p.
Dimensions cm.
490 ## - SERIES STATEMENT
Series statement Mechanics of fluids and transport processes
650 ## - SUBJECT ADDED ENTRY--TOPICAL TERM
Topical term or geographic name entry element Fluid dynamcis
700 ## - ADDED ENTRY--PERSONAL NAME
Personal name Brenner Howard
942 ## - ADDED ENTRY ELEMENTS (KOHA)
Classification part B75:3, M3
Koha item type Textual
Source of classification or shelving scheme Colon Classification (CC)
Holdings
Withdrawn status Lost status Damaged status Not for loan Home library Current library Date acquired Total Checkouts Full call number Barcode Date last seen Price effective from Koha item type
        Central Science Library Central Science Library 2022-09-12   B75:3 M3 SL1023782 2022-09-12 2022-09-12 Textual
Copyright @ Delhi University Library System